000 00603cab a2200205 4500
001 ABS42303
008 090401t1990 xxu||||| |||| 00| 0 eng d
035 _a(Sirsi) u36100
041 _aeng
100 _aKitchen, S.
245 _aSchool reports
260 _c1990
350 _a0
490 _aBuilding
_v255(7639) 16 March 1990, 26-27(2)
520 _aExamines the role of chartered surveyors in school maintenance with the advent of the Education Reform Act 1989 .
650 _aSCHOOLS
690 _aBUILDING AND CONSTRUCTION-REPAIRS AND MAINTENANCE
942 _n0
948 _c04/03/1997
999 _c23566
_d23566